00449 a2200169 4500001000700000020000600007040001100013100000600024240003700030245003200067362000900099440001100108697003200119942000700151952010200158999001900260180729 a  cMagnum a-10aChapeuzinho vermelho/loyolalpor10aChapeuzinho vermelho/loyola0 a1899 1aLoyola aMAGNITO: IJ/FADAS, FANTASIA cBK 00104070a32.5b32.5d2024-06-08l0oLI.01690pMAG00030614r2024-06-08 20:54:21w2024-06-08yBK c180729d180729